000
00391nam a2200181Ia 4500
008
151202s9999||||xx |||||||||||||| ||und||
082
_b
PNVM-48831
100
_a
--.
245
_a
चंपक.
260
_b
परेश नाथ.
260
_c
2004
300
_a
160
600
_a
--.
630
_a
चंपक.
700
_a
--.
730
_a
चंपक.
942
_c
BOOK
999
_c
1314768
_d
1314765